Riconosci il Pokémon - Quiz n°663 - Statistics

Statistiche generali
  • Questo quiz è stato fatto 2 volte
  • Il punteggio medio è 9 su 10
Statistiche sulle risposte
Indizio Riposta % Corretto
Altezza 1,6 m
100%
Tasso di cattura 45 (11.9%)
100%
Peso 46,0 kg
100%
Sesso 50% ♂, 50% ♀
100%
Tipo Buio / Normale
100%
Tasso di allevamento Medio-Veloce
100%
Generazione Ottava
100%
Stadio evoluzione Seconda evoluzione
100%
Abilità Temerarietà; Dentistretti; Agonismo
100%
Pokémon Obstagoon
0%
Nessun quiz corrispondente trovato
Distribuzione punteggi
Percentuale di utenti per punteggio
Percentile per numero di risposta
I tuoi punteggi nel tempo
Non hai fatto questo quiz